00953 2200337 4500001002100000005001500021035002000036007000300056040001700059100002500076245009800101300003100199020002200230041000800252082001100260084001700271090002000288264003300308336002100341337003000362338002300392650001900415700002000434850001000454008004100464250001000505990002500515990002500540990002500565990002500590INLIS00000000000978020260413013859 a0010-0123000107ta aSBPUPADbind0 aDian NafiePengarang1 aAnakku Terhebat!!! :bTips-tips membentuk anak menjadi yang terbaik /cDian Nafi:Editor:Qoni a102 hlm. :bilus. ;c14 cm a978-602-9434-54-5 aind a371.11 a371.11 DIA a a297.2 MUH m 4-2 aYogyakarta :bFamilia,c2017 2rdacontentaTeks 2rdamediaatanpa perantara 2rdacarrieravolume 4aBuku Anak Anak aQoniePengarang aPUPAD260413 0  aCet.1 a32.420/APBD/DPK/2019 a32.421/APBD/DPK/2019 a32.422/APBD/DPK/2019 a32.423/APBD/DPK/2019